| 000 | 01702cam a2200349 i 4500 | ||
|---|---|---|---|
| 003 | SA-RiAUC | ||
| 005 | 20241212055218.0 | ||
| 008 | 241211s2004 ts g 00000 ara c | ||
| 020 | _a9953360685 | ||
| 024 | 0 | _a00000000290658 | |
| 040 |
_aSA-JeALM _bara _cSA-RiAUC _dKAC _erda |
||
| 082 | 0 | 4 |
_a910.4 _qSA-RiAUC |
| 090 |
_a910.4 _bم ح م |
||
| 100 | 1 |
_aمحمد كبريت، محمد بن عبد الله بن محمد، _d1012-1070 هجري _eمؤلف. |
|
| 245 | 1 | 0 |
_aرحلة الشتاء والصيف 1629 / _cالشيخ محمد بن عبد الله الحسيني ؛ حررها وقدم لها سامر الشنواني. |
| 250 | _aالطبعة الأولى. | ||
| 264 | 1 |
_aأبو ظبي : _aبيروت : _bدار السويدي للنشر والتوزيع ؛ _bالمؤسسة العربية للدراسات والنشر، _c2004 |
|
| 264 | 2 |
_aعمان، الأردن : _bدار الفارس للنشر والتوزيع |
|
| 264 | 3 |
_aبيروت : _bسيكو للطباعة والنشر |
|
| 300 |
_a317 صفحة ؛ _c24 × 17 سم. |
||
| 336 |
_aنص _btxt _2rdacontent _3كتاب |
||
| 337 |
_aبدون وسيط _bn _2rdamedia |
||
| 338 |
_aمجلد _bnc _2rdacarrier |
||
| 490 | 0 | _aارتياد الآفاق | |
| 500 | _aيشتمل على كشاف. | ||
| 505 | 0 | _aالمحتويات : استهلال-المقدمة-ديباجة المؤلف-مسار الرحلة-نص الرحلة-كشاف حضاري وفهارس. | |
| 651 | 7 |
_aالشرق الأوسط _xوصف ورحلات _yقرن 17 _2aucsh |
|
| 651 | 7 |
_aتركيا _xوصف ورحلات _yقرن 17 _2aucsh |
|
| 700 | 1 |
_aالشنواني، سامر _eمحرر. |
|
| 942 |
_2ddc _cBOOK _n0 |
||
| 949 |
_aSA-JeALM _d241211 _uosman123 _n1 |
||
| 999 |
_c3366 _d3366 |
||